| 000 | 00562nam a22001697a 4500 | ||
|---|---|---|---|
| 999 |
_c526881 _d526881 |
||
| 003 | NUST | ||
| 020 | _qHardcover. | ||
| 038 | _aMr. Zahoor | ||
| 082 | _a658 | ||
| 100 |
_aBhatti, Waqaace Jalal _917885 |
||
| 245 |
_aModifying Supplier Selection Criterion in Light of Rapid Adoption of E- Procurement : A Case of Telecommunication Industry of Pakistan / _cWaqaace Jalal Bhatti |
||
| 260 |
_aIslamabad : _bNBS - NUST, _c2014. |
||
| 300 |
_a36 p. : ill. ; _c30cm. |
||
| 650 |
_aHRM - MBA Thesis _917537 |
||
| 700 |
_aMr. Kamran Khalid _917555 |
||
| 942 |
_2ddc _cTHE |
||